000 00467cam a2200193ua 4500
001 7451
008 141210n ii |||gr||||Z||||||ben
040 _cMAIN
041 _aben
082 _a891.443
100 _aMeagher, J.,
_eAuthor.,
245 1 _aTippy locklin
_cBy Joseph Meagher
250 _a1st.
260 _aKolkatta:
_bSribhumi,
_c1960.
300 _a448p.
653 _aEast Indo-European & Celtic literatures
653 _aBengali novels
942 _cBK
999 _c6574
_d6574